000 00744nam a2200289Ia 4500
005 20260324120422.0
008 008 260324s9999 xx 000 0 eng d
020 _a9781315539706
037 _aEBOOK
040 _aCRL
040 _beng
040 _cCRL
041 _2eng
041 _aeng
084 _qCRL
100 _aApril D DeConick; Grant Adamson
_91158493
245 0 _aHistories of the Hidden God
245 0 _bConcealment and Revelation in Western Gnostic, Esoteric, and Mystical Traditions
260 _bTaylor and Francis
260 _c2015
365 _a
365 _b255
856 _uhttp://www.taylorfrancis.com/books/9781315539706
942 _cEBOOK
999 _c1750017
_d1750017